Loading...
| Literature - British Lit | 0 | 3 | 1 | 2 | 25 | 138 | 146.00 | 0 | 3 |
| Literature - World Lit | 0 | 2 | 0 | 0 | 20 | 126 | 134.00 | 0 | 2 |
| Literature - American Lit | 0 | 2 | 0 | 0 | 20 | 117 | 119.50 | 1 | 2 |
| History - American History | 0 | 1 | 0 | 0 | 10 | 93 | 93.00 | 0 | 1 |
| Other - Pop Culture | 0 | 1 | 0 | 0 | 10 | 78 | 78.00 | 0 | 1 |
| Other - Geo/CE | 0 | 1 | 0 | 1 | 10 | 136 | 136.00 | 1 | 1 |
| Literature - Euro Lit | 0 | 1 | 1 | 0 | 5 | 119 | 119.00 | 0 | 1 |
| Thought - Philosophy | 0 | 1 | 1 | 0 | 5 | 109 | 109.00 | 0 | 1 |
| Thought - Social Science | 0 | 0 | 0 | 0 | 0 | 0.00 | 0 | 0 | |
| Beliefs - Religion | 0 | 0 | 0 | 0 | 0 | 0.00 | 0 | 0 | |
| History - Euro History | 0 | 0 | 0 | 0 | 0 | 0.00 | 0 | 0 | |
| Other - Other Academic | 0 | 0 | 0 | 0 | 0 | 0.00 | 0 | 0 | |
| Science - Biology | 0 | 0 | 0 | 0 | 0 | 0.00 | 0 | 0 | |
| Arts - Music | 0 | 0 | 0 | 0 | 0 | 0.00 | 0 | 0 | |
| Arts - Painting | 0 | 0 | 1 | 0 | -5 | 0.00 | 0 | 0 | |
| Science - Other Science | 0 | 0 | 2 | 0 | -10 | 0.00 | 0 | 0 |